Роль коммуникации в отельном бизнесе в предоставлении дополнительных услуг; Трансформация научных парадигм и коммуникативные практики в информационном социуме

Xehetasun bibliografikoak
Parent link:Трансформация научных парадигм и коммуникативные практики в информационном социуме.— 2013.— [С. 103-104]
Egile nagusia: Мацюк А. С.
Gaia:Заглавие с титульного листа.
Hizkuntza:errusiera
Argitaratua: 2013
Saila:Роль коммуникаций в туристской деятельности
Gaiak:
Sarrera elektronikoa:http://www.lib.tpu.ru/fulltext/c/2012/C26/041.pdf
Formatua: MixedMaterials Baliabide elektronikoa Liburu kapitulua
KOHA link:https://koha.lib.tpu.ru/cgi-bin/koha/opac-detail.pl?biblionumber=605200

MARC

LEADER 00000naa2a2200000 4500
001 605200
005 20260225141409.0
035 |a (RuTPU)RU\TPU\conf\2485 
035 |a RU\TPU\conf\2484 
090 |a 605200 
100 |a 20140404d2013 k y0rusy50 ca 
101 0 |a rus 
102 |a RU 
135 |a drnn ---uucaa 
181 0 |a i  
182 0 |a b 
200 1 |a Роль коммуникации в отельном бизнесе в предоставлении дополнительных услуг  |f А. С. Мацюк 
203 |a Текст  |c электронный 
215 |a 1 файл (275 Кб) 
225 1 |a Роль коммуникаций в туристской деятельности 
300 |a Заглавие с титульного листа. 
320 |a [Библиогр.: с. 104 (3 назв.)] 
337 |a Adobe Reader 
463 1 |0 (RuTPU)RU\TPU\conf\2405  |t Трансформация научных парадигм и коммуникативные практики в информационном социуме  |o сборник научных трудов конференции, г. Томск, 22-23 ноября 2012 г.  |f Национальный исследовательский Томский политехнический университет (ТПУ) ; ред. коллегия В. И. Турнаев [и др.]  |v [С. 103-104]  |d 2013 
610 1 |a труды учёных ТПУ 
610 1 |a электронный ресурс 
610 1 |a коммуникации 
610 1 |a гостиничные услуги 
610 1 |a сервисная деятельность 
610 1 |a социально-культурный сервис 
700 1 |a Мацюк  |b А. С. 
801 2 |a RU  |b 63413507  |c 20140404  |g RCR 
856 4 |u http://www.lib.tpu.ru/fulltext/c/2012/C26/041.pdf 
942 |c CF